Klicke die Länder Südamerikas auf einer Karte - Statistiken

Allgemein
  • Dieses Quiz wurde 473 mal gespielt
    452 seit der letzten Aktualisierung
  • Das Durchschnittsergebnis liegt bei 10 aus 12
Antworten auf der Karte
Die Antworten werden auf der Karte rot bzw. grün angezeigt, abhängig davon wie oft sie richtig erraten wurden.
 
Antwortstatistiken
Antwort % Korrekt
Brasilien
96%
Argentinien
93%
Chile
93%
Bolivien
90%
Peru
88%
Uruguay
86%
Paraguay
85%
Kolumbien
84%
Ecuador
83%
Venezuela
83%
Suriname
82%
Guyana
78%
Keine übereinstimmenden Quizze gefunden
Verteilung der Resultate
Anzahl Personen mit jedem Resultat
Perzentil nach korrekt beantworteten Fragen
Ihre Resultats-Entwicklung
Sie haben dieses Quiz seit der letzten Aktualisierung nicht gespielt